The immortals of Meluha : (Record no. 3572)

MARC details
000 -LEADER
fixed length control field 00586nam a2200193 4500
001 - CONTROL NUMBER
control field 4324
005 - DATE AND TIME OF LATEST TRANSACTION
control field 20181127173152.0
008 - FIXED-LENGTH DATA ELEMENTS--GENERAL INFORMATION
fixed length control field 140917s2014 nyu 000 0 eng
010 ## - LIBRARY OF CONGRESS CONTROL NUMBER
LC control number 2014951567
020 ## - INTERNATIONAL STANDARD BOOK NUMBER
International Standard Book Number 9789380658742
100 1# - MAIN ENTRY--PERSONAL NAME
Personal name Tripathi, Amish.
245 14 - TITLE STATEMENT
Title The immortals of Meluha :
Statement of responsibility, etc.
Remainder of title Book 1 of the Shiva Trilogy /
Statement of responsibility, etc. Amish Tripathi.
264 #1 - PRODUCTION, PUBLICATION, DISTRIBUTION, MANUFACTURE, AND COPYRIGHT NOTICE
Place of production, publication, distribution, manufacture New Delhi :
Name of producer, publisher, distributor, manufacturer Westland Ltd,
Date of production, publication, distribution, manufacture, or copyright notice 2013.
300 ## - PHYSICAL DESCRIPTION
Extent 415 p. ; 20 cm.
650 ## - SUBJECT ADDED ENTRY--TOPICAL TERM
Topical term or geographic name entry element India.
Form subdivision
General subdivision
Chronological subdivision
Geographic subdivision
Source of heading or term
Topical term or geographic name entry element Indus civilization.
Form subdivision
General subdivision
Chronological subdivision
Geographic subdivision
Source of heading or term
Topical term or geographic name entry element Mythology, Indic.
Form subdivision
General subdivision
Chronological subdivision
Geographic subdivision
Source of heading or term
Topical term or geographic name entry element Siva (Hindu deity).
Form subdivision
General subdivision
Chronological subdivision
Geographic subdivision
Source of heading or term
Holdings
Withdrawn status Lost status Source of classification or shelving scheme Damaged status Not for loan Collection code Home library Current library Shelving location Date acquired Serial Enumeration / chronology Inventory number Total Checkouts Total Renewals Full call number Barcode Date last seen Date last checked out Price effective from Koha item type
    Dewey Decimal Classification     Fiction RTC Library RTC Library Fiction 16/03/2021 1 7866 5 1 FIC 823.92 AMI 30006963 20/03/2026 04/03/2026 27/11/2018 Fiction
Royal Thimphu College || All Right Reserved